Normal view
MARC view
- Teague, Mark,
Entry Nombre Personal
001 - NUMERO DE CONTROL
- campo de control: 37256
003 - IDENTIFICADOR DE NUMERO DE CONTROL
- campo de control: UPN
005 - FECHA Y HORA DE LA ÜLTIMA TRANSACCIÓN
- campo de control: 20210219194523.0
008 - DATOS DE LONGITUD FIJA
- campo de control de longitud fija: nabaccnnaabn|||||||||| b |nc|||||d
035 ## - NUMERO DE CONTROL
- Número de control: UPN11000009363
040 ## - FUENTE DE CATALOGACIÓN
- Lenguaje de catalogación: SPA
- Agencia de transcripción: UPN
100 1# - ENCABEZAMIENTO - NOMBRE PERSONAL
- Nombre personal: Teague, Mark,
- Fechas asociadas con el nombre: 1963-
670 ## - FUENTE EN LA QUE SE LOCALIZARON DATOS
- Cita de la fuente: LC/P
680 ## - NOTA PUBLICA DE ACCESO PÚBLICO
- Frase explicativa de la referencia: Es un escritor estadounidense e ilustrador de libros para niños. Creció en San Diego, California , y se fue a la universidad en California. Ahora vive en Austerlitz, Nueva York con su esposa, Laura y sus dos hijos, Lillias y Ava.
902 ## - CATALOGADOR
- Catalogador: MITM/180615
